• 首页
  • 本馆介绍
  • 公告通知
  • 最新文献
  • 馆藏检索
  • 电子资源
  • 读者导购
  • 参考咨询
  • 我的图书馆
  • 登录
  • 详细信息显示
  • 放入我的书架
  • 预约/预借图书
  • 作者相关作品
  • 分类相关作品
  • 丛书相关作品
  • 出版社相关作品

书目信息

  • 表格格式
  • 工作单格式
  • 卡片格式
题名:
世界征服者史
    
 
作者: 志费尼 著
分册:  
出版信息: 北京   商务印书馆  2011
页数: 847页
开本: 20cm
丛书名:
单 册:
中图分类: K2
科图分类:
主题词: 中国--历史
电子资源:
ISBN: 978-7-100-08184-9
000 00605nam0 2200205 450
001 2639218343
005 20260413105648.15
010    @a978-7-100-08184-9@dCNY99.00
100    @a20260413d2011 km y0chiy0120 ea
101 0  @achi
102    @aCN@b110000
200 1  @a世界征服者史@AShi Jie Zheng Fu Zhe Shi@e上、下册@f志费尼著@FZhi Fei Ni Zhu
210    @a北京@c商务印书馆@d2011
215    @a847页@d20cm
517 1  @a上、下册@AShang、Xia Ce
606 0  @a中国@x历史
690    @aK2@v4
701  0 @a志费尼@AZhi Fei Ni@4著
801  0 @aCN@b大连网信软件有限公司图书馆·11@c20260413
905    @aZUCC@dK2@eZW1538:2
    
    世界征服者史:上、下册/志费尼著.-北京:商务印书馆,2011
    847页;20cm
    
    
    ISBN 978-7-100-08184-9:CNY99.00
    
●
相关链接 在E读中查询图书 在五车中查询图书 在当当中查询图书 在豆瓣中查询图书


正题名:世界征服者史     索取号:K2/ZW1538:2         预约/预借

序号 登录号 条形码 馆藏地/架位号 状态 备注
1 7512625   275126258   密集书库-文学院/ [索取号:K2/ZW1538:2] 在馆    
唐山师范学院图书馆 欢迎您!
大连网信软件有限公司© 版权所有